[Event "Tata Steel India 2018-Blitz"]
[Site "Kolkata"]
[Date "2018.11.13"]
[Round "7"]
[White "Vidit, Santosh Gujrathi"]
[Black "Praggnanandhaa R"]
[Result "1/2-1/2"]
[WhiteElo "2702"]
[BlackElo "2530"]
[Annotator "TA"]
[PlyCount "116"]
[EventDate "2018.11.09"]
[EventType "tourn"]
[EventCountry "IND"]
[SourceTitle "playchess.com"]
[Source "ChessBase"]
[SourceQuality "1"]

{[%evp 14,116,35,31,34,33,42,31,29,18,39,0,0,0,0,0,0,0,10,0,0,-8,0,-16,-19,-19,-18,-61,0,0,0,-13,0,0,0,0,0,-34,-34,-55,-14,-106,-38,-89,-51,-41,0,0,9,9,21,14,13,12,14,0,0,0,3,4,5,11,18,0,14,0,0,0,0,0,0,0,0,0,0,0,0,0,0,0,0,0,0,0,0,0,0,0,0,0,0,0,0,0,0,0,0,0,0,0,0,0,0,0,0]} 1. d4 Nf6 2. Nf3 d5 3. c4 e6 4. g3 Bb4+ 5. Bd2 Bd6 (5... Be7 6. Bg2 O-O 7. O-O Nbd7 8. Nc3 c6 9. Bf4 dxc4 10. e4 Re8 11. a4 b6 12. d5 exd5 13. exd5 Bb7 14. a5 bxa5 15. d6 Bf8 16. Nd2 Nd5 17. Nxd5 cxd5 18. Nxc4 dxc4 19. Bxb7 {½-½ (42) Nakamura,H (2777)-Karjakin,S (2773) Saint Louis 2018}) 6. Nc3 {E01: Catalan: Early deviations} c6 7. Qc2 O-O 8. e4 {LiveBook: 7 Games. White is slightly better.} e5 $146 ({Predecessor:} 8... Nxe4 9. Nxe4 dxe4 10. Qxe4 Nd7 11. Bd3 g6 12. O-O-O e5 13. dxe5 {0-1 (36) Mchedlishvili,M (2602)-Yegiazarian,A (2426) Poti 2017}) 9. dxe5 Bg4 10. Be2 ({Reject} 10. exd6 Bxf3 11. Rg1 Re8 $17) 10... dxe4 $1 11. Nxe4 Nxe4 12. exd6 Re8 13. O-O Qxd6 14. Bf4 Qf6 15. Rfe1 {[#] And now Nd2 would win.} Nd7 16. Ng5 Bf5 17. Nxe4 Bxe4 18. Qc3 Qxc3 19. bxc3 Nc5 20. Be3 Nd3 (20... Na4 $15) 21. Red1 $11 Ne5 22. Kf1 Bf3 23. Bxf3 Nxf3 24. h3 Ne5 25. Rd4 c5 26. Re4 b6 {[#]} 27. Rd1 (27. Bxc5 $1 $11 {[%mdl 512]} f5 (27... bxc5 28. Rae1) 28. Re2 Nxc4 29. Bd4) 27... f6 (27... f5 $17 28. Rf4 Rf8) 28. a4 (28. Bf4 $15) 28... Kf8 29. a5 Nf7 30. Rxe8+ {The position is equal.} Kxe8 {[%mdl 4096] Endgame KRB-KRN} 31. Rb1 Nd6 32. axb6 axb6 33. Rxb6 Nxc4 34. Rb7 Nxe3+ 35. fxe3 {KR-KR} Kf8 36. Rc7 Re8 37. Ke2 Re5 38. c4 Rg5 39. g4 h5 40. Kf3 hxg4+ 41. hxg4 Re5 42. e4 g6 {[%cal Bg7g6,Bg6g5][%mdl 32]} 43. Kf4 Kg8 44. Rd7 Kf8 45. Rd5 g5+ 46. Ke3 Ke7 47. Kd3 Ke6 48. Rd8 Ke7 49. Ra8 Kf7 50. Ra7+ Ke6 51. Ke3 Kd6 52. Ra6+ Ke7 53. Rc6 Kf7 54. Kd3 Ke7 55. Ke3 Kf7 56. Rd6 Ke7 57. Rd1 Re6 58. Rd5 Re5 {Precision: White = 53%, Black = 67%.} 1/2-1/2

[Event "Tata Steel India 2018-Blitz"]
[Site "Kolkata"]
[Date "2018.11.13"]
[Round "8"]
[White "Aronian, Levon"]
[Black "Karjakin, Sergey"]
[Result "1-0"]
[WhiteElo "2765"]
[BlackElo "2753"]
[Annotator "TA"]
[PlyCount "163"]
[EventDate "2018.11.09"]
[EventType "tourn"]
[EventCountry "IND"]
[SourceTitle "playchess.com"]
[Source "ChessBase"]
[SourceQuality "1"]

{[%evp 17,163,22,22,16,32,12,14,0,12,0,19,0,19,2,17,11,33,29,36,33,43,28,28,28,52,42,38,26,27,32,49,40,54,55,54,54,64,53,64,53,64,64,64,34,64,49,56,41,64,52,67,63,68,52,41,52,54,55,43,41,50,54,52,43,57,54,53,53,44,26,50,50,45,46,27,10,9,1,35,27,47,27,85,0,72,72,80,54,54,0,0,0,0,0,0,0,0,0,0,0,135,-14,0,0,117,111,116,109,93,54,55,54,61,54,389,385,366,375,382,382,382,381,347,329,426,417,413,410,474,462,454,418,500,426,500,387,525,484,590,573,525,455,422,325,325,323,434,427]} 1. e4 c6 2. d4 d5 3. exd5 cxd5 4. c3 Nf6 5. Bd3 Nc6 6. Bf4 Bg4 7. Qb3 Na5 8. Qa4+ Bd7 9. Qc2 a6 {LiveBook: 9 Games} 10. Nd2 {B13: Caro-Kann: Exchange Variation and Panov-Botvinnik Attack} (10. a4 Bg4 11. Nd2 Bh5 12. Ngf3 Bg6 13. Ne5 Bxd3 14. Qxd3 e6 15. b4 Nc6 16. Nxc6 bxc6 17. O-O Bd6 18. Bxd6 Qxd6 {½-½ (48) Zozulia,A (2328)-Kasparov,S (2500) Differdange 2007}) 10... e6 11. Ngf3 Bb5 12. Bxb5+ {The position is equal.} axb5 13. a3 Be7 14. O-O O-O 15. Rae1 Nc4 16. Ne5 $146 ({Predecessor:} 16. h3 Qb6 17. Ne5 Rfc8 18. Nd3 {½-½ (31) Sehner,N (2285)-Pieper Emden,C (2330) Buende 1985}) 16... Ra6 17. Nd3 Rc6 18. Qd1 Rb6 19. Nf3 Ne4 20. Nfe5 Bf6 21. f3 Ned6 22. Ng4 Bh4 23. g3 Bg5 24. Bxd6 Nxd6 25. h4 {[%cal Bh2h4,Bh4h5][%mdl 32]} Be7 26. h5 Re8 27. Kg2 Bf8 28. Qc1 Nf5 29. Ne3 Nd6 30. Rh1 (30. h6 $5) 30... Be7 31. Ng4 Bg5 32. Qc2 (32. f4 {is interesting.} Be7 33. h6 g6 34. Ngf2 Bf8 35. Qd2) 32... Be7 33. Qf2 Nf5 34. Ne3 Nd6 35. Re2 h6 36. Ng4 Nf5 37. Nge5 Ra6 38. Rh3 Nd6 39. Qe1 Ra8 40. Rh1 Rc8 41. Rf1 Bf6 42. Ng4 Be7 43. Qd1 Nc4 44. Nge5 Nd6 45. g4 Bf6 46. f4 Ne4 47. Re3 Bxe5 48. Nxe5 f6 49. Ng6 f5 (49... Qd7 $11) 50. Qf3 (50. gxf5 $16 exf5 51. Ne5) 50... Qf6 ({Don't do} 50... Nd2 51. Qh3 $17) (50... b4 $11) 51. Qh3 $16 Rc7 52. Kh1 Rf7 53. Re2 ({White should try} 53. Ne5 $14) 53... fxg4 $11 54. Qxg4 Qf5 55. Qf3 Qxh5+ 56. Qxh5 Ng3+ 57. Kh2 Nxh5 {[#]} 58. f5 $1 {[%mdl 512]} Rf6 {[#]} (58... Kh7 $11) (58... exf5 59. Rxe8+) 59. Rf3 ({White must play} 59. Kh3 $1 $16) 59... Kf7 60. Ne5+ Ke7 (60... Kg8 $1 $11) 61. Ng4 $16 Rff8 62. Rxe6+ Kd7 63. Ne5+ Kc7 {White should prevent ...Rxe6.} 64. Rg6 Re7 65. Rg2 $36 {[%mdl 2048] Threatens to win with Ng6. White has good play.} Nf6 $2 {[%mdl 8192]} (65... Rd8 $14) 66. Ng6 $18 Rfe8 67. Nxe7 Rxe7 {[%mdl 4096] Endgame KRR-KRN} 68. Rfg3 Ne8 69. Rg6 Rf7 70. Re2 Nd6 71. Re5 Nxf5 {intending ...Nh4.} 72. Rxd5 Ne7 73. Rc5+ Kb8 74. Rg2 g5 75. Rxb5 Rf6 76. c4 {[%cal Bc3c4,Bc4c5][%mdl 32]} Ng6 77. d5 Rf3 78. c5 Kc8 79. Rb6 Nf4 80. Rxh6 Nxg2 81. Kxg2 Rb3 82. Rb6 {Precision: White = 57%, Black = 32%.} 1-0

[Event "Tata Steel India 2018-Blitz"]
[Site "Kolkata"]
[Date "2018.11.13"]
[Round "8"]
[White "So, Wesley"]
[Black "Mamedyarov, Shakhriyar"]
[Result "1-0"]
[WhiteElo "2765"]
[BlackElo "2817"]
[Annotator "TA"]
[PlyCount "107"]
[EventDate "2018.11.09"]
[EventType "tourn"]
[EventCountry "IND"]
[SourceTitle "playchess.com"]
[Source "ChessBase"]
[SourceQuality "1"]

{[%evp 19,107,42,34,0,0,0,48,38,46,53,46,14,9,11,40,-13,0,0,0,0,0,-23,0,0,0,-21,68,64,68,55,274,276,391,372,411,229,181,187,537,535,501,352,320,254,222,165,158,155,155,158,151,48,48,41,43,33,35,35,60,-16,-16,-16,-16,-20,-20,-87,-87,-87,-87,-87,-87,-104,0,0,0,0,0,-9,-9,-9,-9,-9,-10,-83,-34,-87,-87,-87,29963,29957]} 1. Nf3 Nf6 2. c4 b6 3. d4 Bb7 4. g3 g6 5. Bg2 Bg7 6. O-O O-O 7. d5 e6 {A50: Queen's Fianchetto Defence (1 d4 Nf6 2 c4 b6)} 8. Nc3 Re8 9. Nd4 exd5 10. cxd5 Na6 {LiveBook: 10 Games} 11. Rb1 $146 ({Predecessor:} 11. e4 Nc5 12. Re1 Nxd5 13. exd5 Rxe1+ 14. Qxe1 Bxd4 15. Be3 {0-1 (39) Melkumyan,H (2633)-Mamedyarov,S (2799) Riadh 2017}) 11... Nc5 12. Bf4 Nce4 13. Nxe4 Nxe4 14. Nb5 d6 $1 15. Qc2 Bxd5 16. Qxc7 Nf6 17. Qc2 (17. Qxd8 $14 Raxd8 18. Rfe1) 17... Bxg2 18. Kxg2 Qd7 19. Qd3 $36 {[%mdl 2048] White has some pressure.} ({Of course not} 19. Nxd6 Re6 $17) 19... Ne4 {...Nc5 is the strong threat.} 20. Qd5 Nf6 21. Qd3 Ne4 {And now ...Nc5 would win.} 22. Qd5 Nc5 (22... a6 $11 23. Nd4 Rac8) 23. Nxd6 $14 Rad8 {aiming for ...Ne6.} 24. Rbd1 Rxe2 $2 (24... Ne6 $14 25. Be3 Re7) 25. Qf3 $1 $18 Qe6 (25... Qe7 $142) 26. b4 Na4 {[#]} 27. Nxf7 $1 {[%mdl 512]} Rf8 (27... Qxf7 28. Rxd8+) 28. Ng5 Qc4 $2 (28... Qe8) 29. Rd7 Nc3 30. Rc1 Bd4 31. Rxd4 ({Stronger than} 31. Nxh7 Rxf2+ 32. Qxf2 Bxf2 $11) 31... Qxd4 32. Rxc3 Rxf2+ 33. Qxf2 Qxc3 34. Qe2 {White threatens Qe6+ and mate.} Qc6+ 35. Qe4 ({Better is} 35. Kg1 $16 Re8 36. Qd1) 35... Rc8 $14 36. Kf3 Qxe4+ 37. Nxe4 Rc2 38. a4 Rxh2 39. b5 ({White should try} 39. Nf2 $14 Rh5 40. Bb8 Rf5+ 41. Ke3) 39... Ra2 $11 40. Nc3 Ra3 41. Be5 Kf7 42. Kg4 (42. Ke4 $11 {keeps the balance.}) 42... Ke6 {[%mdl 1024] Black has strong compensation.} 43. Bd4 h6 44. Kf4 {[#]} Rb3 $1 45. Ke4 {[#]} g5 (45... h5 $1 $17 46. Kd3 g5) 46. g4 $1 Rb4 47. Kd3 Rb2 48. Bg7 Rg2 49. Bxh6 Rg3+ 50. Kd2 Rxg4 51. Bg7 (51. Kd3 $11 {remains equal.}) 51... Rb4 52. Bf8 (52. Bf6 $1 $15) 52... Rf4 $17 53. Bh6 Kf6 $2 {[%mdl 8192]} (53... Kf5 $17 54. Bf8 g4) 54. Nd5+ {Precision: White = 42%, Black = 46%.} 1-0

[Event "Tata Steel India 2018-Blitz"]
[Site "Kolkata"]
[Date "2018.11.13"]
[Round "8"]
[White "Nakamura, Hikaru"]
[Black "Vidit, Santosh Gujrathi"]
[Result "1/2-1/2"]
[WhiteElo "2746"]
[BlackElo "2702"]
[Annotator "TA"]
[PlyCount "81"]
[EventDate "2018.11.09"]
[EventType "tourn"]
[EventCountry "IND"]
[SourceTitle "playchess.com"]
[Source "ChessBase"]
[SourceQuality "1"]

{[%evp 11,81,10,12,13,10,0,0,3,0,0,0,0,4,0,0,0,0,-12,0,0,0,0,16,12,4,0,0,0,0,0,0,0,0,0,0,-28,-20,-20,-20,-29,-6,-12,-4,-4,-4,-11,0,-1,0,0,0,0,0,-135,-139,-136,0,0,0,0,0,0,0,0,0,0,0,0,0,0,0,0]} 1. Nf3 d5 2. e3 Nf6 3. c4 e6 4. b3 Bd6 5. Bb2 b6 (5... O-O 6. Nc3 c5 7. cxd5 exd5 8. d4 cxd4 9. Nxd4 Nc6 10. Be2 Nxd4 11. Qxd4 Re8 12. Rd1 Be5 13. Qd2 Bf5 {½-½ (31) Mareco,S (2649)-Adams,M (2712) Batumi 2018}) 6. Nc3 {A13: English Opening: 1...e6} a6 {LiveBook: 5 Games} 7. cxd5 $146 ({Predecessor:} 7. g3 Bb7 8. Bg2 O-O 9. O-O Nbd7 10. d4 Ne4 11. cxd5 exd5 12. Nxe4 dxe4 {½-½ (61) Ledger,A (2361)-Ju,W (2574) Douglas 2017}) 7... exd5 8. d4 O-O 9. g3 Ne4 10. Nxe4 dxe4 11. Nd2 $1 Bb7 12. Bg2 f5 13. O-O Nd7 14. f3 {[%cal Rf3e4]} Nf6 15. fxe4 Nxe4 16. Nxe4 Bxe4 17. Bxe4 fxe4 18. Qg4 Qe7 19. Rxf8+ Rxf8 20. Rf1 Rxf1+ 21. Kxf1 Qe8 22. Kg2 h5 23. Qe2 b5 24. Bc3 Qg6 25. Be1 Qf5 26. h3 {[%cal Bh2h3,Bh3g4][%mdl 32]} Kf7 27. g4 hxg4 28. hxg4 Qe6 (28... Qf6 {seems wilder.} 29. Bf2 Kg6 30. Kh3 Kh6 31. Bh4 g5) 29. Bg3 Bxg3 30. Kxg3 $11 {[%mdl 4096] Endgame KQ-KQ} Qd6+ 31. Kg2 Qf6 32. Qc2 (32. Kg3 $11) 32... Qf3+ $17 33. Kh2 Qxe3 (33... c6 $1 $17 34. Qxc6 Qf2+ 35. Kh1 Qh4+ 36. Kg2 Qxg4+ 37. Kh2 Qe2+ 38. Kh1 Qf3+ 39. Kh2 Qf2+ 40. Kh1 Qe1+ 41. Kh2 Qf2+ 42. Kh1 Qf3+ 43. Kh2 Qf2+) 34. Qxc7+ $11 {The position is equal.} Kg6 {Strongly threatening ...Qe2+.} 35. Qd6+ Kh7 36. Qe5 Qf2+ 37. Kh3 e3 38. Qh5+ Kg8 {[#] ...Qf3+ is the strong threat.} 39. Qe8+ Kh7 40. Qh5+ Kg8 {And now ...Qf3+ would win.} 41. Qe8+ {Precision: White = 68%, Black = 73%.} 1/2-1/2

[Event "Tata Steel India 2018-Blitz"]
[Site "Kolkata"]
[Date "2018.11.13"]
[Round "8"]
[White "Harikrishna, Pentala"]
[Black "Anand, Viswanathan"]
[Result "1/2-1/2"]
[WhiteElo "2729"]
[BlackElo "2773"]
[Annotator "TA"]
[PlyCount "130"]
[EventDate "2018.11.09"]
[EventType "tourn"]
[EventCountry "IND"]
[SourceTitle "playchess.com"]
[Source "ChessBase"]
[SourceQuality "1"]

{[%evp 25,130,-1,14,-8,0,-47,-39,-32,-33,-26,-18,-43,-41,-112,-55,-58,-72,-91,-17,-17,0,0,0,-158,-168,-145,-157,-148,-118,-105,0,0,0,0,0,0,7,7,7,7,11,0,0,0,0,0,92,8,143,83,100,95,126,126,126,126,126,126,126,126,126,126,126,126,126,126,126,125,125,125,125,87,125,125,125,125,125,125,125,125,125,0,0,0,0,0,0,0,0,0,0,0,0,0,0,0,0,0,0,0,0,0,0,0,0,0,0]} 1. e4 e5 2. Nf3 Nc6 3. Bb5 a6 4. Ba4 Nf6 5. O-O Nxe4 6. d4 b5 7. Bb3 d5 8. dxe5 Be6 9. Nbd2 Be7 10. c3 O-O 11. Bc2 f5 12. Nb3 Qd7 13. Re1 {C83: Spanische Partie (Offene Verteidigung/Hauptvariante)} Rad8 {[#] LiveBook: 3 Partien} 14. a4 $146 ({Vorgänger:} 14. Qe2 Bf7 15. a4 Bh5 16. axb5 axb5 17. e6 Qe8 18. Qf1 Qg6 19. Nbd4 Nxd4 20. Nxd4 Bh4 {½-½ (43) Navara,D (2740)-Anton Guijarro,D (2639) Batumi 2018}) 14... b4 15. Qd3 bxc3 16. bxc3 Nb8 17. Nbd4 c5 18. Nxe6 Qxe6 19. Bd2 {[#]} (19. c4 $15 dxc4 20. Qe3) 19... Nc6 (19... c4 $1 $17 {[%cal Rc4d3]} 20. Qe2 Bc5 21. Bxe4 fxe4) 20. Qxa6 $15 c4 21. Bxe4 fxe4 (21... dxe4 $17 22. Ng5 Qd5) 22. Ng5 $11 Qg6 23. Be3 Ra8 24. Qb5 $2 (24. Qb7 $1 $11) 24... Ra5 $17 25. Qb7 Bxg5 26. Bxg5 Nxe5 ({Bitte nicht} 26... Qxg5 $6 27. Qxc6 Qxe5 28. Re3 $15) 27. h4 {[#]} Nd3 ({Lieber} 27... Qf5 $1 $17 {[%cal Rf5f2]} 28. Qb6 Raa8) 28. Reb1 $1 $11 h6 29. Be3 Ne5 30. Qb6 Rfa8 $132 {[%mdl 2048] Schwarz is not keeping still} 31. Qxg6 Nxg6 32. h5 Ne5 33. Rb7 Rxa4 34. Rxa4 Rxa4 {[%mdl 4096] Endspiel KTL-KTS} 35. Bd4 Nc6 (35... Ra1+ $11 {bleibt in der Remisbreite.} 36. Kh2 Ng4+ 37. Kh3 Nf6) 36. Bxg7 (36. Rxg7+ $16 Kf8 37. Bf6) 36... d4 (36... Ra1+ $11 {hält das Gleichgewicht.} 37. Kh2 Nd8) 37. Bxd4 ({Doch nicht} 37. Bxh6 $6 Ra1+ 38. Kh2 e3 $11) (37. cxd4 $142 Ra1+ 38. Kh2) 37... Nxd4 $16 38. cxd4 {KT-KT} c3 39. Rc7 Rxd4 40. Rxc3 Rd5 41. Re3 Rxh5 42. Rxe4 Kg7 43. g3 Ra5 44. Kg2 Ra2 45. Re5 Rb2 46. g4 Rb3 47. f3 Ra3 48. Kg3 Rb3 49. Kf2 Ra3 50. f4 Rb3 51. Re3 Rb1 52. Kf3 Kf6 53. f5 (53. Rd3 $16) 53... Kg5 $11 {Die Stellung ist ausgeglichen.} 54. Re6 {Und Tg6+ würde nun gewinnen.} Rb3+ 55. Ke4 {Und weiter mit Tg6+ wäre nett.} Rb4+ 56. Ke5 {Droht Tg6+ und aus.} Rb5+ 57. Kd6 {Droht stark Tg6+.} Kxg4 58. f6 Rf5 59. Ke7 h5 60. f7 Rxf7+ 61. Kxf7 {Beabsichtigt Kf6 und Matt.} h4 62. Re4+ Kg3 63. Kg6 {Droht Matt per Kg5.} h3 64. Re3+ Kg4 65. Rxh3 Kxh3 {Precision: Weiß = 64%, Schwarz = 58%.} 1/2-1/2

[Event "Tata Steel India 2018-Blitz"]
[Site "Kolkata"]
[Date "2018.11.13"]
[Round "8"]
[White "Ganguly, Surya Shekhar"]
[Black "Praggnanandhaa R"]
[Result "0-1"]
[WhiteElo "2615"]
[BlackElo "2530"]
[Annotator "TA"]
[PlyCount "99"]
[EventDate "2018.11.09"]
[EventType "tourn"]
[EventCountry "IND"]
[SourceTitle "playchess.com"]
[Source "ChessBase"]
[SourceQuality "1"]

{[%evp 9,99,8,15,6,13,-12,6,0,0,0,0,0,8,0,0,0,0,0,1,1,0,7,12,0,48,48,57,54,50,22,78,83,70,72,75,0,0,-18,-25,-28,-20,-28,-21,-46,-27,-45,-35,-37,0,-23,-19,-101,-105,-82,0,0,0,0,0,0,0,0,0,0,0,0,24,8,35,41,38,0,0,0,0,0,0,0,0,0,0,0,0,0,0,-14,-10,-129,-12,-67,-71,-543]} 1. Nf3 Nf6 2. g3 b5 3. Na3 Ba6 4. c3 e6 5. Bg2 d5 6. O-O $146 {A05: Réti Opening: 1 Nf3 Nf6} ({Predecessor:} 6. b4 c5 7. O-O Nc6 8. Nxb5 Bxb5 9. a4 Bxe2 10. Qxe2 cxb4 11. cxb4 Bxb4 {0-1 (33) Balint,V (2334)-Naiditsch,A (2684) Douglas 2016}) 6... Nbd7 7. d3 Be7 8. Nd4 {The position is equal.} Bxa3 $1 9. Nc6 Qc8 {...Bb7 is the strong threat.} 10. bxa3 Qb7 11. Nb4 c5 12. Nxa6 Qxa6 13. a4 Qxa4 14. Qxa4 bxa4 15. Rb1 O-O 16. Rb5 Rfb8 17. Ra5 Rb7 18. Ba3 Rc8 19. Rxa4 c4 {[#]} (19... Nb6 $11 20. Ra5 c4) 20. Rxc4 $1 $16 {[%mdl 512]} dxc4 (20... Rxc4 21. dxc4) 21. Bxb7 Rc7 22. Rb1 (22. Be4 $16) 22... cxd3 $11 23. Ba6 dxe2 24. Bxe2 Rxc3 25. Bb2 Rc2 26. Bf3 a5 27. a3 h6 28. Kg2 Rc8 (28... Nd5 {keeps more tension.} 29. Bd4 Ra2 30. Rb7 Rd2 31. Bb2 Nc5) 29. Bxf6 gxf6 {[%mdl 4096] Endgame KRB-KRN} 30. Rb7 (30. Bd1 $11) 30... Ne5 $17 31. Bh5 Kg7 (31... Rc3 $17 32. a4 Ra3) 32. Rb5 $11 a4 33. Ra5 $1 Rc4 34. Ra7 Rd4 35. f4 Ng6 36. Kf2 Rd2+ 37. Be2 Rd4 38. Ke3 Rd6 39. Rxa4 Ne7 40. Ra6 Nf5+ 41. Kf2 Rd2 42. Ke1 Rb2 43. Ra7 Nd4 44. Bh5 Rxh2 45. Bxf7 Kf8 46. Bg6 Rg2 47. a4 Rxg3 48. Bh7 {[#]} (48. Bh5 $11 {keeps the balance.}) 48... Ra3 (48... f5 $1 $17 {And now ...Rg7 would win.} 49. a5 Rg2) 49. a5 ({White should play} 49. Bg6 $11) 49... h5 $15 50. Be4 $2 {[%mdl 8192] Precision: White = 47%, Black = 50%.} (50. Kf2 $17 {is tougher.}) 0-1

[Event "Tata Steel India 2018-Blitz"]
[Site "Kolkata"]
[Date "2018.11.13"]
[Round "9"]
[White "Mamedyarov, Shakhriyar"]
[Black "Ganguly, Surya Shekhar"]
[Result "0-1"]
[WhiteElo "2817"]
[BlackElo "2615"]
[Annotator "TA"]
[PlyCount "86"]
[EventDate "2018.11.09"]
[EventType "tourn"]
[EventCountry "IND"]
[SourceTitle "playchess.com"]
[Source "ChessBase"]
[SourceQuality "1"]

{[%evp 22,86,15,30,79,84,86,81,81,89,122,56,102,115,135,146,190,150,154,151,152,141,139,100,139,119,186,195,195,137,182,189,173,108,94,102,117,113,157,160,141,112,103,103,101,66,80,81,171,0,0,0,0,-175,-177,-162,-173,-180,-179,-159,-139,-29981,-29982,-29982,-29983,-29983,-29984]} 1. c4 Nf6 2. g3 g6 3. Bg2 Bg7 4. d4 O-O 5. Nc3 d6 6. Nf3 Nbd7 7. O-O e5 8. Qc2 Re8 9. Rd1 Qe7 10. b3 c6 11. e4 exd4 {E68: King's Indian: Fianchetto: 6...Nbd7 7 0-0 e5 8 e4} 12. Nxd4 {LiveBook: 174 Games} h5 13. Bg5 {[#]} Nf8 $146 {White is better.} ({Predecessor:} 13... Qf8 14. Qd2 Nh7 15. Be3 h4 16. gxh4 Ne5 17. h3 c5 18. Ndb5 Bxh3 19. Qxd6 Bxg2 20. Kxg2 {½-½ (109) Ipatov,A (2561)-Vajda,L (2600) Golden Sands 2012}) 14. Qd2 N8h7 15. Bh6 Bg4 16. Re1 ({White should try} 16. Bxg7 $16 Kxg7 17. f3) 16... Bh8 17. h3 Bd7 18. Rad1 Rad8 {[#]} 19. Nf5 $1 {[%mdl 512]} Bxf5 20. exf5 Qd7 21. Rxe8+ Qxe8 22. Qc2 Bg7 23. Bf4 Bf8 (23... g5 $16) 24. fxg6 $18 fxg6 25. Ne4 (25. b4 $18) 25... Nxe4 26. Bxe4 Kg7 27. b4 (27. Qc3+ $18 Nf6 28. Bc2) 27... Nf6 $16 28. Bg2 Qf7 29. b5 d5 30. bxc6 bxc6 31. cxd5 cxd5 32. Be5 Kh7 33. Qc6 Bg7 $1 34. Bd4 Ne4 {[#]} (34... Rd7 $16) 35. Be3 $2 ({Don't blunder} 35. Bxe4 $2 dxe4 36. Qxe4 Qd5 $19) (35. Bxg7 $1 $18 Qxf2+ 36. Kh1 Nxg3+ 37. Kh2) 35... Nc3 36. Re1 Re8 {aiming for ...d4.} 37. Bd2 $2 (37. Bf1 $11) 37... Re2 $19 38. Rxe2 Nxe2+ 39. Kf1 Nxg3+ $1 40. Kg1 Bd4 41. Be3 $2 {[%mdl 8192]} (41. Be1 $17) 41... Ne2+ {Black mates.} 42. Kh2 Bxe3 43. fxe3 Qf2 {Precision: White = 39%, Black = 47%.} 0-1

[Event "Tata Steel India 2018-Blitz"]
[Site "Kolkata"]
[Date "2018.11.13"]
[Round "9"]
[White "Anand, Viswanathan"]
[Black "Aronian, Levon"]
[Result "0-1"]
[WhiteElo "2773"]
[BlackElo "2765"]
[Annotator "TA"]
[PlyCount "76"]
[EventDate "2018.11.09"]
[EventType "tourn"]
[EventCountry "IND"]
[SourceTitle "playchess.com"]
[Source "ChessBase"]
[SourceQuality "1"]

{[%evp 25,76,11,22,25,24,9,12,4,18,11,15,7,37,0,0,-36,-10,-32,-44,-47,-54,-42,-88,-91,-77,-44,-44,-191,-120,-221,-213,-205,-205,-439,-312,-377,-373,-721,-446,-410,0,-83,-79,-69,0,0,0,-12,0,-364,-228,-1214,-1212]} 1. e4 e5 2. Nf3 Nc6 3. Bb5 {[%cal Bf1b5,Bb5a4,Ba4b3][%mdl 32]} a6 4. Ba4 Nf6 5. O-O Be7 6. d3 b5 7. Bb3 d6 8. a3 O-O 9. Nc3 Na5 {C77: Spanische Partie (Anderssen-Variante)} 10. Ba2 Be6 11. b4 Bxa2 12. Rxa2 Nc6 13. Bg5 Nd7 {LiveBook: 8 Partien} (13... Qd7 14. Bxf6 Bxf6 15. Nd5 Bd8 16. a4 Ne7 17. Ne3 {½-½ (34) Anand,V (2785)-Aronian,L (2804) Bilbao 2014 CBM 163 [CB]}) 14. Bd2 Nf6 {[#]} 15. Nd5 $146 ({Vorgänger:} 15. Re1 Qd7 16. Nd5 Nxd5 17. exd5 {½-½ (30) Naiditsch,A (2721)-Wojtaszek,R (2727) Douglas 2018}) 15... Nxd5 16. exd5 Nb8 17. c4 Nd7 18. Qb3 f5 19. Rc2 Bf6 20. Be3 g5 21. h3 h5 {[%cal Bh7h5,Bh5g4][%mdl 32]} 22. cxb5 g4 23. hxg4 hxg4 24. Nh2 {Und weiter mit bxa6 wäre nett.} axb5 25. Rfc1 Bg5 $36 {[%mdl 2048] Schwarz hat Druck.} 26. Rxc7 {[#]} (26. Bxg5 $1 $15 Qxg5 27. Rxc7) 26... g3 $1 $19 {[%mdl 512]} 27. Nf1 (27. Nf3 $17 {kämpft weiter.} gxf2+ 28. Kxf2 Bxe3+ 29. Kxe3) (27. fxg3 Bxe3+) 27... gxf2+ 28. Kxf2 Bxe3+ 29. Nxe3 $2 (29. Kxe3 Qh4 30. Ke2) 29... Qh4+ 30. Ke2 f4 31. Nd1 $2 (31. Nf1) 31... f3+ 32. gxf3 Rxf3 $2 (32... Qh2+ $19 33. Ke1 Rxf3) 33. Rc8+ (33. Kxf3 $11 {bleibt in der Remisbreite.} Rf8+ 34. Ke2 Qh2+ 35. Ke1) 33... Rf8 $17 34. Rxa8 Qh2+ ({Besser ist} 34... Rxa8 $15 35. Rc6 Qh2+ 36. Ke1 Qg3+ 37. Kd2 {[#]} e4 $1 {[%mdl 512]}) 35. Ke1 $11 Rxa8 36. Rc2 Qg3+ 37. Rf2 $2 {[%mdl 8192]} (37. Kf1 $1 $11 {und Weiss muss sich keine Sorgen machen.} Rf8+ 38. Rf2) 37... Nf6 38. Kf1 $2 (38. Qc3 Ng4 39. d4) 38... Ng4 {Precision: Weiß = 33%, Schwarz = 67%.} 0-1